000 00377nam a2200145Ia 4500
008 230312s9999||||xx |||||||||||||| ||und||
020 _a978-0133485080
082 _a620.00151
_bHAG-I
100 _aHagen;Kirk.D
245 0 _aIntroduction to Engineering Analysis
260 _bPerasons
_aIndia
_c2014
300 _a413
650 _aEngineering
_vMechanical/Civil
942 _cBK
999 _c14224
_d14224